<?xml version="1.0" encoding="UTF-8"?>
<record
    xmlns:xsi="http://www.w3.org/2001/XMLSchema-instance"
    xsi:schemaLocation="http://www.loc.gov/MARC21/slim http://www.loc.gov/standards/marcxml/schema/MARC21slim.xsd"
    xmlns="http://www.loc.gov/MARC21/slim">

  <leader>04037cam a2200433Ia 4500</leader>
  <controlfield tag="001">698442581</controlfield>
  <controlfield tag="003">OCoLC</controlfield>
  <controlfield tag="005">20250127112717.0</controlfield>
  <controlfield tag="007">ta</controlfield>
  <controlfield tag="008">090402r20112010nyuabfg  b    001 0 eng d</controlfield>
  <datafield tag="020" ind1=" " ind2=" ">
    <subfield code="a">9780143118695</subfield>
    <subfield code="q">(pbk.)</subfield>
  </datafield>
  <datafield tag="020" ind1=" " ind2=" ">
    <subfield code="a">0143118692</subfield>
    <subfield code="q">(pbk.)</subfield>
  </datafield>
  <datafield tag="020" ind1=" " ind2=" ">
    <subfield code="a">9780670021260</subfield>
  </datafield>
  <datafield tag="020" ind1=" " ind2=" ">
    <subfield code="a">0670021261</subfield>
  </datafield>
  <datafield tag="040" ind1=" " ind2=" ">
    <subfield code="a">EQO</subfield>
    <subfield code="b">eng</subfield>
    <subfield code="c">EQO</subfield>
    <subfield code="d">ZQP</subfield>
    <subfield code="d">BTCTA</subfield>
    <subfield code="d">YDXCP</subfield>
    <subfield code="d">IAD</subfield>
    <subfield code="d">CDX</subfield>
    <subfield code="d">DB$</subfield>
    <subfield code="d">BDX</subfield>
    <subfield code="d">OCLCF</subfield>
    <subfield code="d">TLE</subfield>
    <subfield code="d">WVU</subfield>
    <subfield code="d">S3O</subfield>
    <subfield code="d">OCLCQ</subfield>
    <subfield code="d">NZABT</subfield>
    <subfield code="d">UWW</subfield>
    <subfield code="d">VJM</subfield>
    <subfield code="d">OCLCQ</subfield>
    <subfield code="d">DHA</subfield>
    <subfield code="d">OCLCQ</subfield>
    <subfield code="d">MCO</subfield>
    <subfield code="d">OCLCO</subfield>
    <subfield code="d">OCL</subfield>
    <subfield code="d">OCLCQ</subfield>
    <subfield code="d">KSU</subfield>
    <subfield code="d">UtOrBLW</subfield>
  </datafield>
  <datafield tag="082" ind1="0" ind2="4">
    <subfield code="a">270</subfield>
    <subfield code="b">MAC 1</subfield>
  </datafield>
  <datafield tag="100" ind1="1" ind2=" ">
    <subfield code="a">MacCulloch, Diarmaid,</subfield>
    <subfield code="e">author.</subfield>
  </datafield>
  <datafield tag="245" ind1="1" ind2="0">
    <subfield code="a">Christianity :</subfield>
    <subfield code="b">the first three thousand years /</subfield>
    <subfield code="c">Diarmaid MacCulloch</subfield>
  </datafield>
  <datafield tag="264" ind1=" " ind2="1">
    <subfield code="a">New York :</subfield>
    <subfield code="b">Penguin,</subfield>
    <subfield code="c">2011</subfield>
  </datafield>
  <datafield tag="300" ind1=" " ind2=" ">
    <subfield code="a">xxiv, 1,184 pages, 32 unnumbered pages of plates :</subfield>
    <subfield code="b">illustrations (chiefly color), maps, music ;</subfield>
    <subfield code="c">23 cm</subfield>
  </datafield>
  <datafield tag="336" ind1=" " ind2=" ">
    <subfield code="a">text</subfield>
    <subfield code="b">txt</subfield>
    <subfield code="2">rdacontent</subfield>
  </datafield>
  <datafield tag="336" ind1=" " ind2=" ">
    <subfield code="a">still image</subfield>
    <subfield code="b">sti</subfield>
    <subfield code="2">rdacontent</subfield>
  </datafield>
  <datafield tag="336" ind1=" " ind2=" ">
    <subfield code="a">cartographic image</subfield>
    <subfield code="b">cri</subfield>
    <subfield code="2">rdacontent</subfield>
  </datafield>
  <datafield tag="336" ind1=" " ind2=" ">
    <subfield code="a">notated music</subfield>
    <subfield code="b">ntm</subfield>
    <subfield code="2">rdacontent</subfield>
  </datafield>
  <datafield tag="337" ind1=" " ind2=" ">
    <subfield code="a">unmediated</subfield>
    <subfield code="b">n</subfield>
    <subfield code="2">rdamedia</subfield>
  </datafield>
  <datafield tag="338" ind1=" " ind2=" ">
    <subfield code="a">volume</subfield>
    <subfield code="b">nc</subfield>
    <subfield code="2">rdacarrier</subfield>
  </datafield>
  <datafield tag="500" ind1=" " ind2=" ">
    <subfield code="a">Originally published in the United States of America by Viking Penguin, 2010</subfield>
  </datafield>
  <datafield tag="500" ind1=" " ind2=" ">
    <subfield code="a">Published in Great Britain as: A history of Christianity by Allen Lane, an imprint of Penguin Books, Ltd</subfield>
  </datafield>
  <datafield tag="504" ind1=" " ind2=" ">
    <subfield code="a">Includes bibliographical references and index</subfield>
  </datafield>
  <datafield tag="505" ind1="0" ind2=" ">
    <subfield code="a">A millennium of beginnings (1000 BCE-100 CE). -- Greece and Rome (c. 1000 BCE-100 CE) -- Israel (c. 1000 BCE-100 CE) -- One Church, one faith, one Lord? (4 BCE-451 CE). -- A crucified messiah (4 BCE-100 CE) -- Boundaries defined (50 CE-300) -- The Prince: ally or enemy? (100-300) -- The Imperial Church (300-451) -- Vanishing futures: East and South (451-1500). -- Defying Chalcedon: Asia and Africa (451-622) -- Islam: the great realignment (622-1500) -- The unpredictable rise of Rome (300-1300). -- The making of Latin Christianity (300-500) -- Latin Christendom: new frontiers (500-1000) -- The West: universal emperor or universal pope? (900-1200) -- A Church for all people? (1100-1300) -- Orthodoxy: the Imperial faith (451-1800). -- Faith in a new Rome (451-900) -- Orthodoxy: more than an empire (900-1700) -- Russia: the third Rome (900-1800) -- Western Christianity dismembered (1300-1800). -- Perspectives on the true Church (1300-1517) -- A house divided (1517-1660) -- Rome's renewal (1500-1700) -- A worldwide faith (1500-1800) -- Protestant awakenings (1600-1800) -- God in the dock (1492-present). -- Enlightenment: ally or enemy? (1492-1815) -- Europe re-enchanted or disenchanted? (1815-1914) -- To make the world Protestant (1700-1914) -- Not peace but a sword (1914-60) -- Culture wars (1960-present)</subfield>
  </datafield>
  <datafield tag="520" ind1=" " ind2=" ">
    <subfield code="a">Offers a history of Christianity ranging back to the origins of the Hebrew Bible and covering the world, following the three main strands of the Christian faith, to teach modern readers how Jesus' message spread and how the New Testament was formed. MacCulloch follows the Christian story to all corners of the globe, filling in often neglected accounts of conversions and confrontations in Africa and Asia. He explores the roots of the faith that galvanized America, charting the rise of the evangelical movement from its origins in Germany and England. MacCulloch introduces the monks and crusaders, heretics and saints, slave traders and abolitionists, and he discovers Christianity's essential role in driving the Enlightenment and the Age of Exploration, and shaping the course of World Wars I and II. --Adapted from publisher description of 2010 edition</subfield>
  </datafield>
  <datafield tag="650" ind1=" " ind2="0">
    <subfield code="a">Church history.</subfield>
    <subfield code="0">http://id.loc.gov/authorities/subjects/sh85025619</subfield>
  </datafield>
  <datafield tag="650" ind1=" " ind2="0">
    <subfield code="a">Christianity.</subfield>
    <subfield code="0">http://id.loc.gov/authorities/subjects/sh85025219</subfield>
  </datafield>
  <datafield tag="650" ind1=" " ind2="0">
    <subfield code="a">Judaism</subfield>
    <subfield code="x">History.</subfield>
    <subfield code="0">http://id.loc.gov/authorities/subjects/sh85070847</subfield>
  </datafield>
  <datafield tag="651" ind1=" " ind2="0">
    <subfield code="a">Rome</subfield>
    <subfield code="x">Religion</subfield>
    <subfield code="x">History</subfield>
  </datafield>
  <datafield tag="655" ind1=" " ind2="7">
    <subfield code="a">History.</subfield>
    <subfield code="2">fast</subfield>
    <subfield code="0">(OCoLC)fst01411628.</subfield>
    <subfield code="0">http://id.worldcat.org/fast/1411628</subfield>
  </datafield>
  <datafield tag="700" ind1="1" ind2=" ">
    <subfield code="a">MacCulloch, Diarmaid.</subfield>
    <subfield code="t">History of Christianity</subfield>
  </datafield>
  <datafield tag="942" ind1=" " ind2=" ">
    <subfield code="2">ddc</subfield>
    <subfield code="c">BK</subfield>
    <subfield code="n">0</subfield>
  </datafield>
  <datafield tag="999" ind1=" " ind2=" ">
    <subfield code="c">10587</subfield>
    <subfield code="d">10587</subfield>
  </datafield>
  <datafield tag="952" ind1=" " ind2=" ">
    <subfield code="0">0</subfield>
    <subfield code="1">0</subfield>
    <subfield code="2">ddc</subfield>
    <subfield code="4">0</subfield>
    <subfield code="7">0</subfield>
    <subfield code="a">GBC</subfield>
    <subfield code="b">GBC</subfield>
    <subfield code="c">CH</subfield>
    <subfield code="d">2025-01-27</subfield>
    <subfield code="l">2</subfield>
    <subfield code="o">270 MAC</subfield>
    <subfield code="p">020955</subfield>
    <subfield code="r">2026-02-09 14:16:02</subfield>
    <subfield code="s">2026-02-02</subfield>
    <subfield code="t">c.1</subfield>
    <subfield code="w">2025-01-27</subfield>
    <subfield code="y">BK</subfield>
  </datafield>
</record>
